South Asian journal 14 : Quarterly Magazine of South Asian Journalists & scholars : (Record no. 4782)

MARC details
000 -LEADER
fixed length control field 00388nam a2200121 4500
008 - FIXED-LENGTH DATA ELEMENTS--GENERAL INFORMATION
fixed length control field 240220b |||||||| |||| 00| 0 eng d
022 ## - INTERNATIONAL STANDARD SERIAL NUMBER
ISSN 17296242
942 ## - ADDED ENTRY ELEMENTS (KOHA)
Item Type Periodicals
245 ## - TITLE STATEMENT
Title South Asian journal 14 : Quarterly Magazine of South Asian Journalists & scholars :
Remainder of Title October - December 2006
246 ## - VARYING FORM OF TITLE
Title Indo-Pak dialogue
260 ## - PUBLICATION, DISTRIBUTION, ETC. (IMPRINT)
Place of Publication Lahore :
Name of Publisher Free Media foundation,
Date of Copyright 2006
300 ## - PHYSICAL DESCRIPTION
Physical Details 180 p.
Holdings
Withdrawn status Lost status Source of classification or shelving scheme Damaged status Not for loan Permanent location Current location Date acquired Total Checkouts Full call number Barcode Date last seen Price effective from Koha item type
    Dewey Decimal Classification     Resource center, Muslim Women's Research And Action Forum Resource center, Muslim Women's Research And Action Forum 2024-02-20   954.93 SOU RAF5066 2024-02-20 2024-02-20 Periodicals

Copyright © 2023 Muslim Women's Research and Action Forum (MWRAF), No 27/3, Anderson Road, Kalubowila, Dehiwela. Funded by The Asia Fundation